ბათუმის შოთა რუსთაველის სახელმწიფო უნივერსიტეტის ბიბლიოთეკა

ამაღლებული სოფელი (ბიბ.ჩანაწერი № 42162)

000 -LEADER
fixed length control field 00738nam a2200229Ia 4500
001 - CONTROL NUMBER
control field 8855
003 - CONTROL NUMBER IDENTIFIER
control field GE_BSU
008 - FIXED-LENGTH DATA ELEMENTS--GENERAL INFORMATION
fixed length control field 181216s||||||||xx |||||||||||||| ||und||
040 ## - CATALOGING SOURCE
Transcribing agency GE_BSU
080 ## - UNIVERSAL DECIMAL CLASSIFICATION NUMBER
Universal Decimal Classification number 821.353.1-22
100 ## - MAIN ENTRY--PERSONAL NAME
Personal name კანდელაკი,ვალერიან
245 ## - TITLE STATEMENT
Title ამაღლებული სოფელი
245 ## - TITLE STATEMENT
Remainder of title კომედია 4 მოქმედებად
245 ## - TITLE STATEMENT
Statement of responsibility, etc. რედ. ნ.მალაზონია
260 ## - PUBLICATION, DISTRIBUTION, ETC.
Place of publication, distribution, etc. ბათუმი
260 ## - PUBLICATION, DISTRIBUTION, ETC.
Name of publisher, distributor, etc. აჭარის სახელგამი
260 ## - PUBLICATION, DISTRIBUTION, ETC.
Date of publication, distribution, etc. 1952
300 ## - PHYSICAL DESCRIPTION
Extent 64გვ.21სმ.
653 ## - INDEX TERM--UNCONTROLLED
Uncontrolled term ამაღლებული სოფელი
653 ## - INDEX TERM--UNCONTROLLED
Uncontrolled term კომედია
942 ## - ADDED ENTRY ELEMENTS (KOHA)
Koha item type წიგნი
ეგზემპლარები
Withdrawn status Lost status Damaged status Not for loan Date acquired Barcode Date last seen Price effective from Koha item type
        2018-12-17 31344 2018-12-17 2018-12-17 წიგნი
        2018-12-17 31345 2018-12-17 2018-12-17 წიგნი
        2018-12-17 31346 2018-12-17 2018-12-17 წიგნი
        2018-12-17 31347 2018-12-17 2018-12-17 წიგნი
        2018-12-17 31348 2018-12-17 2018-12-17 წიგნი